[Event "FINAL MISTRZOSTW POLSKI JUNIOROW 2018 - GRUPA  C16"]
[Site "Jastrzebia Gora"]
[Date "1899-12-30"]
[Round "6.8"]
[White "Pytel, Maciej"]
[Black "Piekielny, Pawel"]
[Result "1-0"]
[WhiteTitle "I+"]
[BlackTitle "I"]
[WhiteElo "2037"]
[BlackElo "1787"]

1. f4 b5 2. e4 Bb7 3. d3 e6 4. Be3 Nf6 5. Nf3 d5 6. e5 Nfd7 7. d4 a6 8. Bd3 c5
9. c3 g6 10. O-O Nc6 11. Nbd2 Qb6 12. Qe2 Be7 13. Kh1 cxd4 14. Nxd4 Bc5 15. N2b3
Nxd4 16. Nxd4 b4 17. Qf2 bxc3 18. b4 Bxd4 19. Bxd4 Qd8 20. Rac1 O-O 21. Rxc3 Rc8
22. Rxc8 Qxc8 23. Qe2 Qc6 24. g4 Qa4 25. f5 Qxb4 26. Qe3 Nc5 27. f6 Kh8 28. Qh6
Rg8 29. Rf3 Qe1+ 30. Kg2 Nxd3 31. Qxh7+ 1-0

[Event "FINAL MISTRZOSTW POLSKI JUNIOROW 2018 - GRUPA  C16"]
[Site "Jastrzebia Gora"]
[Date "1899-12-30"]
[Round "6.9"]
[White "Dixa, Oskar"]
[Black "Lis, Mateusz"]
[Result "0-1"]
[WhiteTitle "I+"]
[BlackTitle "k"]
[WhiteElo "1775"]
[BlackElo "2132"]

1. e4 c5 2. Nf3 d6 3. d4 cxd4 4. Nxd4 Nf6 5. Nc3 Nc6 6. Be2 e5 7. Nb3 Be7 8. O-O
Be6 9. Bg5 O-O 10. Qd2 Ne8 11. Bxe7 Qxe7 12. Rad1 Rd8 13. h3 Nf6 14. Bf3 a6 15.
Rfe1 b5 16. Re3 b4 17. Nd5 Qb7 18. Nxf6+ gxf6 19. Bh5 Ne7 20. Rd3 Rc8 21. Rg3+
Ng6 22. Qxd6 Rc6 23. Qd2 Qc7 24. Qxb4 Rxc2 25. Rd2 Rxd2 26. Qxd2 Qc4 27. Qd3 Qxd3
28. Rxd3 Nf4 29. Rg3+ Kh8 30. Bg4 h5 31. Bxe6 Ne2+ 32. Kh2 Nxg3 33. Kxg3 fxe6
34. Nc5 Rg8+ 35. Kf3 Rb8 36. b3 Rb6 37. Ke3 Rc6 38. b4 a5 39. a3 axb4 40. axb4
Rd6 41. b5 Kg8 42. Na4 Rd4 43. Nc5 Kf7 44. Nb7 Ke7 45. Na5 Ra4 46. Nc6+ Kd6 47.
Nd8 Rb4 48. Nb7+ Ke7 49. Nc5 Rxb5 50. Nd3 Rb3 51. Ke2 Kd6 52. Ne1 f5 53. f3 Kc5
54. Nc2 h4 55. exf5 exf5 56. Ne3 f4 57. Nf5 Rb2+ 58. Kf1 Kd5 59. Nxh4 Ke6 60.
g3 fxg3 61. Ng2 Rf2+ 62. Kg1 Rxf3 63. h4 Kf6 64. Ne1 Re3 65. Nc2 Re2 66. Nb4 Kf5
67. Nd5 Kg4 68. Nc3 Re3 69. Nd5 Rd3 0-1

[Event "FINAL MISTRZOSTW POLSKI JUNIOROW 2018 - GRUPA  C16"]
[Site "Jastrzebia Gora"]
[Date "1899-12-30"]
[Round "6.10"]
[White "Rogala, Milosz"]
[Black "Galuszka, Tomasz"]
[Result "0-1"]
[WhiteTitle "II"]
[BlackTitle "I+"]
[WhiteElo "1749"]
[BlackElo "2038"]

1. e4 d5 2. exd5 Nf6 3. d4 Nxd5 4. c4 Nf6 5. Nf3 Bf5 6. Nc3 e6 7. Bd3 Bxd3 8. Qxd3
Be7 9. O-O O-O 10. Bf4 c6 11. Rad1 Nbd7 12. Rfe1 Re8 13. h3 a6 14. d5 cxd5 15.
cxd5 Nc5 16. Qd2 exd5 17. Nxd5 Nxd5 18. Qxd5 Qxd5 19. Rxd5 Bf8 20. Rxe8 Rxe8 21.
Be3 Rc8 22. Bxc5 Bxc5 23. Rd2 g6 24. g3 Rc7 25. Kg2 Be7 26. b3 Bf6 27. Ne1 Kf8
28. Rc2 Rd7 29. Nf3 Ke7 30. Kf1 Kd8 31. Rd2 Rxd2 32. Nxd2 Kd7 33. Ke2 Kc6 34.
Kd3 Kd5 35. Nc4 b5 36. Ne3+ Kc5 37. Nc2 a5 38. Ke4 Bb2 39. g4 Bg7 40. Kd3 Bf6
41. Ke4 Bh4 42. f4 Bf6 43. Kd3 Bb2 44. Ke4 a4 45. Kd3 Bc1 46. Ke4 f6 47. h4 Bd2
48. Kd3 Bxf4 49. b4+ Kb6 50. Ke4 Bd2 51. Kd5 Bc3 52. Ke6 Kc6 53. a3 Bb2 54. h5
gxh5 55. gxh5 h6 56. Ne1 Bxa3 57. Nd3 Bxb4 58. Nxb4+ Kc5 59. Nc2 b4 60. Kxf6 b3
61. Na3 Kb4 62. Kg6 Kxa3 63. Kxh6 b2 0-1

[Event "FINAL MISTRZOSTW POLSKI JUNIOROW 2018 - GRUPA  C16"]
[Site "Jastrzebia Gora"]
[Date "1899-12-30"]
[Round "6.11"]
[White "Kopaczewski, Adam"]
[Black "Golecki, Jan"]
[Result "0-1"]
[WhiteTitle "I+"]
[BlackTitle "I++"]
[WhiteElo "1996"]
[BlackElo "1850"]

1. e4 c5 2. Nf3 d6 3. d4 Nf6 4. dxc5 Qa5+ 5. c3 Qxc5 6. Be3 Qc7 7. Na3 a6 8. Nc4
Nbd7 9. Qd4 e5 10. Qd3 b5 11. Ncd2 Nc5 12. Bxc5 dxc5 13. a4 c4 14. Qc2 Bb7 15.
axb5 axb5 16. Rxa8+ Bxa8 17. b3 Bc5 18. Qa2 O-O 19. b4 Bb6 20. Be2 Ng4 21. O-O
Bxf2+ 22. Kh1 Be3 23. h3 Nf2+ 24. Kh2 Nxe4 25. Nxe4 Bxe4 26. Nd2 Bxd2 27. Qxd2
Bd3 28. Kh1 e4 29. Ra1 Qe5 30. Bxd3 cxd3 31. Re1 Rd8 32. Qe3 h6 33. Kg1 d2 34.
Rd1 Rd3 35. Qe2 Qxc3 36. Qxe4 Qd4+ 37. Qxd4 Rxd4 38. Kf2 Kf8 39. Ke3 Rd8 40. h4
Ke7 41. Kf4 Ke6 42. g4 Rd4+ 43. Kf3 Kd5 0-1

[Event "FINAL MISTRZOSTW POLSKI JUNIOROW 2018 - GRUPA  C16"]
[Site "Jastrzebia Gora"]
[Date "1899-12-30"]
[Round "6.12"]
[White "Poziomkowski, Szymon"]
[Black "Wierzbicki, Michal"]
[Result "0-1"]
[WhiteTitle "I"]
[BlackTitle "I"]
[WhiteElo "1923"]
[BlackElo "1867"]

1. e4 Nc6 2. d4 d5 3. exd5 Qxd5 4. Nf3 Bg4 5. Be2 O-O-O 6. Be3 Nf6 7. O-O e6 8.
Nbd2 Bd6 9. h3 Qh5 10. Nc4 Bxf3 11. Bxf3 Qf5 12. Nxd6+ Rxd6 13. c4 h5 14. Qa4
g5 15. Bxc6 Rxc6 16. Qxa7 Ra6 17. Qc5 Qxc5 18. dxc5 Rg8 19. Rfd1 Ne4 20. a3 f5
21. f3 Nf6 22. Rd3 e5 23. Rf1 Re6 24. b4 f4 25. Bc1 e4 26. fxe4 Nxe4 27. Bb2 Ng3
28. Rfd1 Rge8 29. Bc3 Ne2+ 30. Kf2 g4 31. hxg4 hxg4 32. Bd4 Ng3 33. Kg1 Re1+ 0-1

[Event "FINAL MISTRZOSTW POLSKI JUNIOROW 2018 - GRUPA  C16"]
[Site "Jastrzebia Gora"]
[Date "1899-12-30"]
[Round "6.13"]
[White "Strzelecki, Maciej"]
[Black "Musial, Tomasz"]
[Result "0-1"]
[WhiteTitle "I"]
[BlackTitle "I++"]
[WhiteElo "1952"]
[BlackElo "2130"]

1. e4 e6 2. d4 d5 3. Nd2 Be7 4. Ngf3 Nf6 5. e5 Nfd7 6. Be2 c5 7. dxc5 Nc6 8. c4
Ndxe5 9. Nxe5 Nxe5 10. Nf3 Nxc4 11. Bxc4 dxc4 12. Qa4+ Bd7 13. Qxc4 Qa5+ 14. b4
Qa4 15. Bb2 Bb5 16. Qb3 Qxb3 17. axb3 Bc6 18. O-O Bd5 19. Nd2 Bf6 20. Bxf6 gxf6
21. Nc4 Ke7 22. f3 f5 23. Kf2 h5 24. Rfe1 Kf6 25. h4 Rhg8 26. Rec1 Rad8 27. Nd6
a6 28. Rc3 Bc6 29. Re1 Rg7 30. g3 f4 31. gxf4 Rdg8 32. Re5 Rg2+ 33. Ke3 Bxf3 34.
Rg5 Bc6 35. Ne4+ Bxe4 36. Kxe4 R8xg5 37. hxg5+ Kg6 38. Rd3 h4 39. Rd8 Rg3 40.
Rh8 h3 41. Ke5 Rxb3 42. Rh6+ Kg7 43. Kd6 Rxb4 44. Rxh3 a5 45. Kc7 Rb5 46. Rc3
Kg6 47. Kd6 a4 48. Rc4 Ra5 49. Rc2 a3 50. Ra2 Kg7 51. Ke7 Rxc5 52. Rxa3 b5 53.
Rb3 Rc4 54. Rxb5 Rxf4 55. Rb8 Ra4 56. Rb7 Ra5 57. Rb4 Rxg5 58. Rf4 Rf5 59. Rg4+
Kh6 60. Rg1 e5 61. Kd6 Rg5 62. Re1 Kg6 63. Kd5 f6 64. Ke6 Rg4 65. Rf1 Rf4 66.
Rg1+ Kh5 67. Kd5 e4 68. Kd4 Rg4 69. Rf1 Kg5 70. Ke3 f5 71. Ra1 Rg3+ 72. Ke2 Kf4
73. Ra5 Rg2+ 74. Kf1 Rb2 75. Rc5 e3 76. Ra5 Ke4 77. Ra4+ Kf3 0-1

[Event "FINAL MISTRZOSTW POLSKI JUNIOROW 2018 - GRUPA  C16"]
[Site "Jastrzebia Gora"]
[Date "1899-12-30"]
[Round "6.14"]
[White "Nowak, Mikolaj"]
[Black "Mike, Patryk"]
[Result "1/2-1/2"]
[WhiteTitle "I++"]
[BlackTitle "I"]
[WhiteElo "2065"]
[BlackElo "1945"]

1. d4 Nf6 2. Nf3 e6 3. g3 b6 4. Bg2 Bb7 5. O-O c5 6. c4 cxd4 7. Nxd4 Bxg2 8. Kxg2
Bc5 9. Nc3 O-O 10. e4 Nc6 11. Be3 Qe7 12. f3 Rac8 13. Qd2 Nxd4 14. Bxd4 Bxd4 15.
Qxd4 Qc5 16. Qxc5 Rxc5 17. b3 d5 18. Na4 Rc7 19. cxd5 exd5 20. e5 Nd7 21. f4 Nc5
22. Rac1 Rfc8 23. Nxc5 Rxc5 24. Rxc5 Rxc5 25. Rf2 Kf8 26. Kf3 Rc3+ 27. Kg4 Ke7
28. Re2 d4 29. Rd2 Ke6 30. Rxd4 Rc2 31. Ra4 a5 32. Rc4 Rxh2 33. Rc6+ Kd7 34. Rxb6
Rxa2 35. Kf5 Re2 36. Rb7+ Ke8 37. g4 h6 38. Rb5 Ke7 39. Rb7+ 1/2-1/2

[Event "FINAL MISTRZOSTW POLSKI JUNIOROW 2018 - GRUPA  C16"]
[Site "Jastrzebia Gora"]
[Date "1899-12-30"]
[Round "6.15"]
[White "Ossolinski, Ziemowit"]
[Black "Warchol, Bartosz"]
[Result "1/2-1/2"]
[WhiteTitle "I"]
[BlackTitle "I++"]
[WhiteElo "1858"]
[BlackElo "1969"]

1. e4 e5 2. Nf3 Nc6 3. Bc4 Bc5 4. c3 Nf6 5. d3 d6 6. O-O a6 7. a4 h6 8. Nbd2 O-O
9. h3 Be6 10. Re1 Qd7 11. Bxe6 fxe6 12. Nf1 Rae8 13. b4 Ba7 14. Be3 Bxe3 15. Rxe3
Qf7 16. Ng3 Ne7 17. d4 exd4 18. cxd4 Ng6 19. Rc1 Nf4 20. Qc2 Re7 21. Rc3 c6 22.
b5 axb5 23. axb5 cxb5 24. Rb1 N6h5 25. Rxb5 Nxg3 26. fxg3 Nh5 27. Kh2 Nf6 28.
Nh4 g5 29. Nf3 Qg6 30. e5 Qxc2 31. Rxc2 1/2-1/2

[Event "FINAL MISTRZOSTW POLSKI JUNIOROW 2018 - GRUPA  C16"]
[Site "Jastrzebia Gora"]
[Date "1899-12-30"]
[Round "6.16"]
[White "Iwanczuk, Krzysztof"]
[Black "Zolkiewski, Jakub"]
[Result "0-1"]
[WhiteTitle "II+"]
[BlackTitle "I"]
[WhiteElo "1655"]
[BlackElo "1835"]

1. d4 Nf6 2. Bf4 g6 3. Nc3 Bg7 4. e4 d6 5. Qd2 O-O 6. O-O-O Nbd7 7. Nf3 c5 8. d5
a6 9. e5 dxe5 10. Nxe5 Nxe5 11. Bxe5 Qa5 12. Kb1 b5 13. Ne4 Qxd2 14. Nxd2 Nxd5
15. Bxg7 Kxg7 16. Ne4 Rd8 17. c4 Bf5 18. Bd3 Nb4 19. g4 Bxg4 20. Nxc5 Bxd1 21.
Rxd1 Rac8 22. a3 Nxd3 23. Rxd3 Rxd3 24. Nxd3 Rxc4 25. Ne5 Rh4 26. Nf3 Rf4 0-1

[Event "FINAL MISTRZOSTW POLSKI JUNIOROW 2018 - GRUPA  C16"]
[Site "Jastrzebia Gora"]
[Date "1899-12-30"]
[Round "6.17"]
[White "Distel, Pawel"]
[Black "Dzwierzynski, Bartosz"]
[Result "1-0"]
[WhiteTitle "I"]
[BlackTitle "I"]
[WhiteElo "1715"]
[BlackElo "1828"]

1. e4 c5 2. Nf3 d6 3. Bb5+ Bd7 4. Bxd7+ Nxd7 5. O-O Ngf6 6. d3 g6 7. Ng5 h6 8.
Nh3 Bg7 9. f4 e5 10. c4 Qe7 11. Nc3 a6 12. a3 O-O 13. f5 g5 14. Nf2 Rfb8 15. a4
Qd8 16. Qf3 Ne8 17. h4 Nc7 18. Ng4 f6 19. hxg5 hxg5 20. Bxg5 fxg5 21. f6 Bh8 22.
Qf5 Kf7 23. Nh6+ Kf8 24. Qg6 1-0

[Event "FINAL MISTRZOSTW POLSKI JUNIOROW 2018 - GRUPA  C16"]
[Site "Jastrzebia Gora"]
[Date "1899-12-30"]
[Round "6.18"]
[White "Paliwoda, Borys"]
[Black "Posluszny, Tomasz"]
[Result "1/2-1/2"]
[WhiteTitle "I"]
[BlackTitle "I+"]
[WhiteElo "1912"]
[BlackElo "1892"]

1. e4 c5 2. Nf3 Nc6 3. d4 cxd4 4. Nxd4 e5 5. Nb5 a6 6. Nd6+ Bxd6 7. Qxd6 Qf6 8.
Qxf6 Nxf6 9. Nc3 Nb4 10. Bd3 d5 11. exd5 Nfxd5 12. Nxd5 Nxd5 13. O-O Ke7 14. Re1
Kd6 15. Be3 Nxe3 16. Rxe3 Re8 17. Rd1 Kc7 18. Rde1 Bd7 19. Rxe5 Rxe5 20. Rxe5
Kd6 21. f4 h6 22. c4 f6 23. c5+ Kc6 24. Be4+ Kc7 25. Re7 Re8 26. Rxe8 Bxe8 27.
Kf2 Bf7 28. a3 b6 29. b4 a5 30. Ke3 axb4 31. axb4 bxc5 32. bxc5 Be6 33. f5 Bf7
34. Kd4 Kd7 35. g4 Kc7 36. Bd5 Be8 37. Bb3 Kb7 38. Bg8 Kc6 39. h3 Kc7 40. h4 Ba4
41. Bf7 Bd1 42. Bh5 Kc6 43. Kd5+ Kxd5 1/2-1/2

[Event "FINAL MISTRZOSTW POLSKI JUNIOROW 2018 - GRUPA  C16"]
[Site "Jastrzebia Gora"]
[Date "1899-12-30"]
[Round "7.1"]
[White "Pacan-milej, Kosma"]
[Black "Mis, Mieszko"]
[Result "1-0"]
[WhiteTitle "FM"]
[BlackTitle "FM"]
[WhiteElo "2265"]
[BlackElo "2306"]

1. d4 Nf6 2. Nf3 d5 3. c4 e6 4. g3 dxc4 5. Qa4+ Nbd7 6. Bg2 a6 7. Qxc4 b5 8. Qc6
Rb8 9. Bf4 Nd5 10. Bg5 Be7 11. Bxe7 Qxe7 12. Nc3 Nb4 13. Qxc7 Nc2+ 14. Kd1 Nxa1
15. Ne5 Qd8 16. Qxd8+ Kxd8 17. Nc6+ Kc7 18. Nxb8 Nxb8 19. Kd2 Rd8 20. e3 e5 21.
Ne2 Be6 22. Rxa1 Bc4 23. a4 Kb6 24. a5+ Kc7 25. Rc1 Kd6 26. dxe5+ Kxe5+ 27. Nd4
f5 28. f4+ Kf6 29. Rc3 Rd6 30. b3 Bf7 31. Kc2 Nd7 32. Rc6 Rxc6+ 33. Bxc6 Nb8 34.
Bb7 Be8 35. Kc3 g6 36. Kb4 Ke7 37. Kc5 Nd7+ 38. Kc6 1-0

[Event "FINAL MISTRZOSTW POLSKI JUNIOROW 2018 - GRUPA  C16"]
[Site "Jastrzebia Gora"]
[Date "1899-12-30"]
[Round "7.2"]
[White "Kosakowski, Jakub"]
[Black "Polczyk, Mikolaj"]
[Result "1-0"]
[WhiteTitle "FM"]
[BlackTitle "I+"]
[WhiteElo "2301"]
[BlackElo "2051"]

1. e4 c5 2. Nf3 Nc6 3. Bb5 g6 4. Bxc6 bxc6 5. O-O Bg7 6. Re1 Nf6 7. e5 Nd5 8. c4
Nc7 9. d4 cxd4 10. Qxd4 Ne6 11. Qh4 Rb8 12. Nc3 O-O 13. b3 d6 14. Bh6 dxe5 15.
Nxe5 Qd4 16. Qxd4 Nxd4 17. Bxg7 Kxg7 18. Rad1 c5 19. Nd3 Ne6 20. Na4 Rd8 21. Naxc5
Nxc5 22. Nxc5 Bf5 23. f3 e6 24. Kf2 g5 25. g4 Bc2 26. Rxd8 Rxd8 27. Rxe6 fxe6
28. Nxe6+ Kf6 29. Nxd8 Bb1 30. Nb7 Bxa2 31. Nc5 a5 32. Ke3 a4 33. bxa4 Bxc4 34.
Kd4 Be2 35. a5 Bxf3 36. Ne4+ 1-0

[Event "FINAL MISTRZOSTW POLSKI JUNIOROW 2018 - GRUPA  C16"]
[Site "Jastrzebia Gora"]
[Date "1899-12-30"]
[Round "7.3"]
[White "Szpar, Milosz"]
[Black "Godzwon, Iwo"]
[Result "1-0"]
[WhiteTitle "FM"]
[BlackTitle "k"]
[WhiteElo "2376"]
[BlackElo "2222"]

1. e4 c5 2. Nf3 d6 3. d4 cxd4 4. Qxd4 Nc6 5. Bb5 Bd7 6. Bxc6 Bxc6 7. Nc3 Nf6 8.
Bg5 e6 9. O-O-O Be7 10. Qd3 Qa5 11. h4 h6 12. Bxf6 Bxf6 13. Nd4 O-O-O 14. f4 g6
15. Kb1 h5 16. Qc4 Bxd4 17. Rxd4 d5 18. exd5 exd5 19. Qd3 Rd6 20. Rd1 Rhd8 21.
a4 Qa6 22. Qxa6 bxa6 23. b3 Kc7 24. a5 R8d7 25. g3 Rd8 26. Kb2 R6d7 27. f5 Rd6
28. fxg6 fxg6 29. Ne2 Re8 30. Nf4 Re3 31. R1d3 Rxd3 32. Rxd3 Bb7 33. Ka3 Kc6 34.
Kb4 Bc8 35. Rc3+ Kd7 36. Kc5 Bb7 37. Kd4 Rf6 38. Re3 Bc6 39. Re5 Kd6 40. Rg5 Be8
41. Rxd5+ Kc6 42. c4 Bf7 43. Rc5+ Kd6 44. Rc8 Rf5 45. b4 g5 46. Rc5 Kd5+ 47. Ke4+
1-0

[Event "FINAL MISTRZOSTW POLSKI JUNIOROW 2018 - GRUPA  C16"]
[Site "Jastrzebia Gora"]
[Date "1899-12-30"]
[Round "7.4"]
[White "Teclaf, Pawel"]
[Black "Kozak, Antoni"]
[Result "1-0"]
[WhiteTitle "CM"]
[BlackTitle "k"]
[WhiteElo "2386"]
[BlackElo "2148"]

1. d4 Nf6 2. Bg5 Ne4 3. Bf4 c5 4. f3 Nf6 5. dxc5 Nh5 6. Be3 e6 7. g4 Nf6 8. Nc3
Qa5 9. Qd2 h6 10. Ne4 Qxd2+ 11. Nxd2 Na6 12. Nb3 Nb4 13. Kd2 a5 14. a4 d5 15.
cxd6 e5 16. Bc5 Be6 17. Nxa5 Bxd6 18. Bxd6 O-O-O 19. e4 Rxd6+ 20. Kc3 Na2+ 21.
Rxa2 Bxa2 22. b3 Rd1 23. Nh3 Rhd8 24. Nf2 Re1 25. Nc4 Rb1 26. Nd3 Kc7 27. Bg2
Nd7 28. Rxb1 Bxb1 29. Kb2 Bxc2 30. Kxc2 f6 31. f4 exf4 32. Nxf4 Re8 33. b4 Ne5
34. Nxe5 fxe5 35. Nd3 Kd6 36. a5 Rh8 37. Bf3 g6 38. Nc5 Kc6 39. Be2 Rd8 40. Bc4
Rf8 41. Nd3 Kd6 42. Bd5 Rf3 1-0

[Event "FINAL MISTRZOSTW POLSKI JUNIOROW 2018 - GRUPA  C16"]
[Site "Jastrzebia Gora"]
[Date "1899-12-30"]
[Round "7.5"]
[White "Fus, Jakub"]
[Black "Pytel, Maciej"]
[Result "1-0"]
[WhiteTitle "I++"]
[BlackTitle "I+"]
[WhiteElo "2194"]
[BlackElo "2037"]

1. d4 Nh6 2. e4 g6 3. Nc3 Bg7 4. Bc4 e6 5. h4 f6 6. Be3 b6 7. h5 Nf7 8. hxg6 hxg6
9. Rxh8+ Nxh8 10. Nh3 Qe7 11. Qe2 Nc6 12. O-O-O a6 13. Nf4 Na5 14. d5 g5 15. Nh5
b5 16. Bd3 d6 17. dxe6 c6 18. e5 fxe5 19. Nxg7+ Qxg7 20. Qh5+ Ke7 21. Bxg5+ Kxe6
22. Qe8+ 1-0

[Event "FINAL MISTRZOSTW POLSKI JUNIOROW 2018 - GRUPA  C16"]
[Site "Jastrzebia Gora"]
[Date "1899-12-30"]
[Round "7.6"]
[White "Psyk, Radoslaw"]
[Black "Galuszka, Tomasz"]
[Result "1-0"]
[WhiteTitle "k++"]
[BlackTitle "I+"]
[WhiteElo "2313"]
[BlackElo "2038"]

1. e4 c6 2. d4 d5 3. e5 Bf5 4. Nf3 e6 5. Be2 Nd7 6. O-O Ne7 7. Nbd2 h6 8. Nb3 g5
9. Bd2 Bg7 10. Bb4 a5 11. Ba3 Ng6 12. Bd3 Bxd3 13. Qxd3 Bf8 14. Bxf8 Kxf8 15.
Qe3 Kg7 16. Nc1 Qc7 17. Nd3 c5 18. dxc5 Rac8 19. Nd4 Nxc5 20. Nxc5 Qxc5 21. a4
Nf4 22. c3 Ng6 23. Rfe1 Qe7 24. Nb5 Rhd8 25. Rad1 Rc4 26. Nd6 Rc7 27. Rxd5 Kg8
28. Rd4 Rc5 29. Nxb7 Rxd4 30. cxd4 Rc4 31. b3 Rb4 32. Nxa5 Nf4 33. g3 Nd5 34.
Qd3 Qc7 35. Nc4 Qb7 36. Rb1 Ne7 37. a5 Qb5 38. Qc3 Nd5 39. Qc2 Ne7 40. Ra1 Qa6
41. Qc3 Nd5 42. Qf3 Kg7 43. Nd6 Qa7 44. a6 Qxd4 45. Qxf7+ Kh8 46. Rc1 1-0

[Event "FINAL MISTRZOSTW POLSKI JUNIOROW 2018 - GRUPA  C16"]
[Site "Jastrzebia Gora"]
[Date "1899-12-30"]
[Round "7.7"]
[White "Lis, Mateusz"]
[Black "Wierzbicki, Michal"]
[Result "1/2-1/2"]
[WhiteTitle "k"]
[BlackTitle "I"]
[WhiteElo "2132"]
[BlackElo "1867"]

1. e4 e6 2. d4 d5 3. Bd3 Nf6 4. e5 Nfd7 5. Nf3 c5 6. c3 Nc6 7. O-O Be7 8. a3 a6
9. Be3 b5 10. Nbd2 Qb6 11. Qe2 Bb7 12. Bc2 a5 13. Rfd1 Ba6 14. b4 cxb4 15. axb4
axb4 16. cxb4 Nxb4 17. Bb1 Qb7 18. Bg5 Nc6 19. Bxe7 Kxe7 20. Qe3 h6 21. Qf4 b4
22. Qg4 Be2 23. Rxa8 Rxa8 24. Re1 Bxf3 25. Nxf3 Ra1 26. Qxg7 b3 27. Qxh6 Qb4 28.
Qg5+ Ke8 29. Qe3 Nb6 30. h4 Nc4 31. Qd3 Nb2 32. Qe2 Nxd4 33. Nxd4 Qxd4 34. Qb5+
Kf8 35. Qxb3 Nd3 36. Rf1 Nxe5 37. h5 Ng4 38. g3 Qe5 39. Kg2 Nh6 40. Qf3 Ra7 41.
Rc1 Kg7 42. Qd3 f5 43. Qd2 Qf6 44. Rc6 Re7 45. Ba2 Nf7 46. Qe2 Qe5 1/2-1/2

[Event "FINAL MISTRZOSTW POLSKI JUNIOROW 2018 - GRUPA  C16"]
[Site "Jastrzebia Gora"]
[Date "1899-12-30"]
[Round "7.8"]
[White "Golecki, Jan"]
[Black "Kokoszczynski, Jan"]
[Result "0-1"]
[WhiteTitle "I++"]
[BlackTitle "k"]
[WhiteElo "1850"]
[BlackElo "2108"]

1. e4 c5 2. Nf3 Nc6 3. Bb5 g6 4. O-O Bg7 5. c3 Nf6 6. Re1 O-O 7. d3 Qb6 8. Ba4
d6 9. Nbd2 a6 10. Bb3 e5 11. Nf1 h6 12. Ne3 Kh7 13. Qd2 Bd7 14. h3 Rad8 15. Nh2
Ne7 16. Neg4 Nxg4 17. Nxg4 Bxg4 18. hxg4 d5 19. Qe2 f5 20. exf5 gxf5 21. gxf5
Nxf5 22. Bc2 Qg6 23. f4 exf4 24. Bxf4 d4 25. Qd2 Nh4 26. Rf1 dxc3 27. Qf2 Bd4
0-1

[Event "FINAL MISTRZOSTW POLSKI JUNIOROW 2018 - GRUPA  C16"]
[Site "Jastrzebia Gora"]
[Date "1899-12-30"]
[Round "7.9"]
[White "Pniaczek, Marek"]
[Black "Szczurek, Krzysztof"]
[Result "1/2-1/2"]
[WhiteTitle "CM"]
[BlackTitle "FM"]
[WhiteElo "2239"]
[BlackElo "2089"]

1. e4 c5 2. Nf3 e6 3. d4 cxd4 4. Nxd4 Nc6 5. Nb5 d6 6. c4 Nf6 7. N1c3 a6 8. Na3
d5 9. cxd5 exd5 10. exd5 Nb4 11. Bc4 Bg4 12. Qd4 b5 13. Bb3 Bc5 14. Qe5+ Qe7 15.
Qxe7+ Kxe7 16. O-O Rad8 17. Bg5 Nd3 18. Ne4 Bd4 19. Nc2 Bxb2 20. Rab1 Be5 21.
f4 Bb8 22. h3 Bf5 23. Ng3 Bc8 24. Rbd1 Ba7+ 25. Kh2 Nf2 26. Rd2 h5 27. Rfxf2 Bxf2
28. Rxf2 Kf8 29. f5 a5 30. a3 Bb7 31. Rd2 h4 32. Bxf6 hxg3+ 33. Kxg3 gxf6 34.
Ne3 Rd6 35. Rc2 Ke7 36. Rc5 Ba6 37. Rc7+ Rd7 38. Rc6 Rd6 39. Rc7+ Rd7 40. Rc6
Rd6 41. Rc7+ Rd7 42. Rc6 1/2-1/2

[Event "FINAL MISTRZOSTW POLSKI JUNIOROW 2018 - GRUPA  C16"]
[Site "Jastrzebia Gora"]
[Date "1899-12-30"]
[Round "7.10"]
[White "Musial, Tomasz"]
[Black "Piekielny, Pawel"]
[Result "0-1"]
[WhiteTitle "I++"]
[BlackTitle "I"]
[WhiteElo "2130"]
[BlackElo "1787"]

1. e4 e6 2. d4 d5 3. Nc3 Nf6 4. Bg5 dxe4 5. Nxe4 Be7 6. Nxf6+ Bxf6 7. Bxf6 Qxf6
8. Nf3 O-O 9. Qd3 Rd8 10. O-O-O Qf4+ 11. Qe3 Qxe3+ 12. fxe3 b6 13. Bd3 Bb7 14.
Rhf1 Nd7 15. Rd2 h6 16. Rdf2 c5 17. c3 Rac8 18. Bc2 Rc7 19. g4 Bxf3 20. Rxf3 Nf6
21. h3 cxd4 22. exd4 b5 23. Bb3 Rxd4 24. Kb1 Rd2 25. Rd1 Rxd1+ 26. Bxd1 Kf8 27.
Be2 Rc5 28. Kc2 h5 29. gxh5 Nxh5 30. Kb3 e5 31. Kb4 Rd5 32. Bxb5 e4 33. Re3 f5
34. c4 Re5 35. c5 Nf6 36. Re1 f4 37. Kc4 f3 38. c6 Ne8 39. Rf1 Nd6+ 40. Kd4 Rxb5
41. c7 Rxb2 42. Rd1 Nb5+ 43. Kxe4 Nxc7 44. Kxf3 Rxa2 45. Rd7 Rc2 46. Ke4 a5 47.
Kf5 a4 48. Kg6 Rc6+ 0-1

[Event "FINAL MISTRZOSTW POLSKI JUNIOROW 2018 - GRUPA  C16"]
[Site "Jastrzebia Gora"]
[Date "1899-12-30"]
[Round "7.11"]
[White "Nowak, Mikolaj"]
[Black "Kulesza, Andrzej"]
[Result "1/2-1/2"]
[WhiteTitle "I++"]
[BlackTitle "I"]
[WhiteElo "2065"]
[BlackElo "1903"]

1. d4 Nf6 2. Nf3 d5 3. g3 e6 4. Bg2 Be7 5. O-O O-O 6. c4 dxc4 7. Qa4 Bd7 8. Qxc4
Bc6 9. Nc3 Nbd7 10. Qd3 b6 11. Rd1 Nd5 12. e4 Nxc3 13. bxc3 Bb7 14. Bb2 c5 15.
d5 exd5 16. exd5 Bf6 17. Rab1 Qc7 18. c4 Rfe8 19. a4 Rad8 20. Qb3 Ba6 21. Bxf6
Nxf6 22. Bf1 Ne4 23. Bd3 Nd6 24. Qc2 g6 25. Qc1 f6 26. Qf4 Kg7 27. h4 Qd7 28.
Kg2 Bc8 29. Rh1 h5 30. Nd2 Nf7 31. Ne4 Qf5 32. f3 Ne5 33. Be2 Nf7 34. Qd2 Rxe4
35. fxe4 Qxe4+ 36. Bf3 Qxc4 37. a5 Ne5 38. axb6 Nxf3 39. Kxf3 Rxd5 40. Qb2 Rf5+
41. Kg2 Bb7+ 42. Kh2 axb6 43. Rhe1 Qd5 44. Rbd1 Qc6 45. Re7+ Kh6 46. Qd2+ g5 47.
hxg5+ Rxg5 48. Qc2 Rg6 49. Qd2+ Rg5 50. Qc2 Rg6 51. Qd2+ 1/2-1/2

[Event "FINAL MISTRZOSTW POLSKI JUNIOROW 2018 - GRUPA  C16"]
[Site "Jastrzebia Gora"]
[Date "1899-12-30"]
[Round "7.12"]
[White "Zolkiewski, Jakub"]
[Black "Kopaczewski, Adam"]
[Result "0-1"]
[WhiteTitle "I"]
[BlackTitle "I+"]
[WhiteElo "1835"]
[BlackElo "1996"]

1. d4 Nf6 2. c4 e5 3. dxe5 Ng4 4. Bf4 g5 5. Bg3 Bg7 6. Nf3 Nc6 7. Nbd2 Ngxe5 8.
e3 Nxf3+ 9. Qxf3 Bxb2 10. Rb1 Bc3 11. Qe4+ Ne7 12. Be5 f5 13. Bxc3 fxe4 14. Bxh8
Ng6 15. Bd4 Qe7 16. c5 b6 17. Rc1 Bb7 18. Be2 Ne5 19. Bxe5 Qxe5 20. Nb3 Ke7 21.
O-O Rg8 22. cxb6 axb6 23. Bg4 h5 24. Be2 g4 25. Nd4 c5 26. Nc2 h4 27. g3 Qh5 28.
Ne1 Rh8 29. h3 hxg3 30. Bxg4 Qe5 31. Kg2 gxf2 32. Rxf2 Rg8 33. Rd1 d5 34. Rb1
Bc8 35. Rxb6 Bxg4 36. hxg4 Rxg4+ 37. Kf1 Qc3 38. Rb3 Qc4+ 39. Re2 d4 40. exd4
Rf4+ 41. Rf3 Rxf3+ 42. Nxf3 cxd4 43. Nd2 Qc1+ 44. Kg2 e3 45. Nb3 Qc6+ 46. Kg3
Qd6+ 47. Kf3 Qd5+ 48. Kg3 Qg5+ 49. Kf3 Qh5+ 50. Ke4 Qxe2 51. Nxd4 Qf2 0-1

[Event "FINAL MISTRZOSTW POLSKI JUNIOROW 2018 - GRUPA  C16"]
[Site "Jastrzebia Gora"]
[Date "1899-12-30"]
[Round "7.13"]
[White "Warchol, Bartosz"]
[Black "Dixa, Oskar"]
[Result "1-0"]
[WhiteTitle "I++"]
[BlackTitle "I+"]
[WhiteElo "1969"]
[BlackElo "1775"]

1. d4 Nf6 2. c4 e6 3. Nf3 b6 4. a3 Bb7 5. Nc3 d5 6. cxd5 Nxd5 7. Qc2 Nxc3 8. bxc3
c5 9. e4 Nd7 10. Bd3 Qc7 11. O-O cxd4 12. cxd4 Qxc2 13. Bxc2 Rc8 14. Bd3 Bd6 15.
Bb2 Ke7 16. Rfe1 Rhd8 17. Rad1 Bb8 18. d5 e5 19. Nh4 g6 20. Bb1 Nc5 21. Nf3 f6
22. g4 Na4 23. Ba1 Nc3 24. Rd2 Nxb1 25. Rxb1 Rc4 26. Re1 Bd6 27. g5 Rdc8 28. gxf6+
Kxf6 29. h4 Ra4 30. Nh2 h5 31. f4 Bxa3 32. Bxe5+ Ke7 33. Rg2 Kf7 34. Nf3 Be7 35.
Bb2 Bf6 36. Ne5+ Bxe5 37. fxe5 Rcc4 38. Rf1+ Ke8 39. Rgf2 Bxd5 40. exd5 Rg4+ 41.
Rg2 Rxg2+ 42. Kxg2 Rxh4 43. e6 b5 44. d6 Re4 45. d7+ 1-0

[Event "FINAL MISTRZOSTW POLSKI JUNIOROW 2018 - GRUPA  C16"]
[Site "Jastrzebia Gora"]
[Date "1899-12-30"]
[Round "7.14"]
[White "Mike, Patryk"]
[Black "Distel, Pawel"]
[Result "1/2-1/2"]
[WhiteTitle "I"]
[BlackTitle "I"]
[WhiteElo "1945"]
[BlackElo "1715"]

1. e4 e6 2. d4 d5 3. e5 c5 4. c3 Nc6 5. Nf3 Bd7 6. a3 Nge7 7. b4 cxd4 8. cxd4 Nf5
9. Be3 b5 10. Nc3 a5 11. Nxb5 axb4 12. Bd3 Nxe3 13. fxe3 bxa3 14. O-O Be7 15.
Qc1 O-O 16. Nxa3 Qa5 17. Nb5 Qxa1 18. Qxa1 Rxa1 19. Rxa1 Nb4 20. Ra7 Nxd3 21.
Rxd7 Rb8 22. Rxe7 Kf8 23. Ra7 Rxb5 24. Kf1 h6 25. Ke2 Nb2 26. Nd2 Rb4 27. Ra8+
Ke7 28. Ra7+ Kf8 29. Rc7 g6 30. Rc2 Kg7 31. e4 dxe4 32. Ke3 Nd1+ 33. Kxe4 Rb2
34. Rxb2 Nxb2 35. d5 exd5+ 36. Kxd5 Nd3 37. g3 Nb4+ 38. Kd6 Nc2 39. Ne4 Ne3 40.
h4 Nc4+ 41. Kd5 Ne3+ 1/2-1/2